| 000 | 00638nam a2200241Ia 4500 | ||
|---|---|---|---|
| 008 | 171120s9999 xx 000 0 und d | ||
| 020 | _a9.7813380391e+012 | ||
| 050 | _a31 | ||
| 050 | _bO133 2016 | ||
| 100 | _aO'Brien, Cynthia | ||
| 245 | _aBest & buzz worthy 2017 / | ||
| 245 | _cby Cynthia O'Brien, Michael Bright and Donald Sommerville. | ||
| 260 | _aNew York : | ||
| 260 | _bScholastic, | ||
| 260 | _c2016 | ||
| 300 | _a319 pages : | ||
| 300 | _bcolor illustrations ; | ||
| 300 | _c22cm. | ||
| 650 | _aCuriosities and wonders. | ||
| 700 | _aBright, Michael. | ||
| 700 | _aSommerville, Donald. | ||
| 700 | _aTitle. | ||
| 999 |
_c345219 _d345219 |
||